00585nam a2200181Ia 4500003000900000008004100009040001600050080001600066100002100082245011300103260002600216300001300242490005000255650001900305650002600324650002900350650002400379IN-BaIIA211028s9999 xx 000 0 eng d cIIA Library a535.33bSAM aSamson, James A. 0aTechniques of vacuum ultraviolet spectroscopycJames A. Samson  aNew YorkbWileyc1967 ax, 348p. aWiley series in pure and applied spectroscopy aNASA Thesaurus aUltraviolet Radiation aUltraviolet Spectroscopy aVacuum Spectroscopy